|
|
|
|
| LEADER |
01008cam a2200265 7i4500 |
| 001 |
0000063460 |
| 005 |
20211028090000.0 |
| 020 |
|
|
|a 9780429275432 (electronic book)
|
| 020 |
|
|
|a 9780367225353
|
| 090 |
0 |
0 |
|a JF251
|b .R85 2021
|
| 245 |
0 |
0 |
|a Ruler personality cults from empires to nation-states and beyond :
|b symbolic patterns and interactional dynamics
|c edited by Kirill Postoutenko and Darin Stephanov.
|
| 264 |
|
|
|a London ; New York:
|b Routledge,
|c 2021.
|
| 300 |
|
|
|a 1 online resource (xiii, 279 pages):
|b illustrations, text file, PDF.
|
| 336 |
|
|
|2 rdacontent
|
| 337 |
|
|
|2 rdamedia
|
| 338 |
|
|
|2 rdacarrier
|
| 650 |
0 |
0 |
|a Personality and politics
|
| 650 |
0 |
0 |
|a Heads of state --
|x Public opinion
|
| 655 |
0 |
0 |
|a Electronic books
|
| 700 |
1 |
|
|a Postoutenko, Kirill
|
| 700 |
1 |
|
|a Stephanov, Darin
|
| 856 |
4 |
2 |
|u http://library.unisel.edu.my/web/guest/mylibrary
|
| 997 |
|
|
|a Centre for Graduate Studies
|
| 998 |
|
|
|a Political Science, Master
|
| 999 |
|
|
|a EBO0008200
|b EBOOK
|c EBOOK
|e Electronic resources
|